Sociokulturní problematiky nerovného postavení žen a mužů v dělbě práce
V každej historickej epoche bol predkladaný názor, že žena sa má starať o práce v domácnosti. V súčasnej spoločnosti sa rola ženy zmenila a stala sa "samostatnou jednotkou", ktorá si napĺňa svoje ambície v rodine, ale aj v zamestnaní. Keďže ženy dosahujú manažérske pozície ťažšie než muži, koncept r...
Salvato in:
| Autore principale: | |
|---|---|
| Natura: | Capitolo di libro |
| Lingua: | ceco |
| Soggetti: | |
| Tags: |
Nessun Tag, puoi essere il primo ad aggiungerne!!
|
MARC
| LEADER | 00000naa a2200000 4500 | ||
|---|---|---|---|
| 001 | 0236658 | ||
| 005 | 20220805073843.3 | ||
| 041 | 0 | |a cze | |
| 044 | |a CZ | ||
| 245 | 1 | 0 | |a Sociokulturní problematiky nerovného postavení žen a mužů v dělbě práce |c Marek Merhaut |
| 520 | |a V každej historickej epoche bol predkladaný názor, že žena sa má starať o práce v domácnosti. V súčasnej spoločnosti sa rola ženy zmenila a stala sa "samostatnou jednotkou", ktorá si napĺňa svoje ambície v rodine, ale aj v zamestnaní. Keďže ženy dosahujú manažérske pozície ťažšie než muži, koncept rovných príležitosti sa snaží zabezpečiť rovné postavenie žien a mužov na pracovnom trhu. Odporúčania, ktoré môžu organizácii prispieť k zvýšeniu uplatnenia žien na trhu práce. | ||
| 610 | 2 | 0 | |a trh práce |
| 610 | 2 | 0 | |a deľba práce |
| 610 | 2 | 0 | |a diskriminácia pracovná |
| 610 | 2 | 0 | |a muži |
| 610 | 2 | 0 | |a ženy |
| 610 | 2 | 0 | |a vzťahy genderové |
| 610 | 2 | 0 | |a zamestnanie |
| 100 | 1 | |a Merhaut, Marek | |